MARC details
| 000 -LEADER |
| fixed length control field |
01740nac a22003611i 4500 |
| 003 - CONTROL NUMBER IDENTIFIER |
| control field |
EG-ScBUE |
| 005 - DATE AND TIME OF LATEST TRANSACTION |
| control field |
20240605122525.0 |
| 008 - FIXED-LENGTH DATA ELEMENTS--GENERAL INFORMATION |
| fixed length control field |
080817t2007 maub f b 001 0 eng d |
| 020 ## - INTERNATIONAL STANDARD BOOK NUMBER |
| International Standard Book Number |
978080703091 |
| 035 ## - SYSTEM CONTROL NUMBER |
| System control number |
(OCoLC)ocm69021035 |
| 035 ## - SYSTEM CONTROL NUMBER |
| System control number |
(OCoLC)69021035 |
| 040 ## - CATALOGING SOURCE |
| Original cataloging agency |
EG-ScBUE |
| Language of cataloging |
eng |
| Description conventions |
rda |
| Transcribing agency |
EG-ScBUE |
| Modifying agency |
EG-ScBUE |
| 082 04 - DEWEY DECIMAL CLASSIFICATION NUMBER |
| Classification number |
956.9405 |
| Item number |
KHA |
| Edition number |
22 |
| 100 1# - MAIN ENTRY--PERSONAL NAME |
| Personal name |
Khalidi, Rashid, |
| Relator term |
author. |
| 245 14 - TITLE STATEMENT |
| Title |
The iron cage : |
| Remainder of title |
the story of the Palestinian struggle for statehood / |
| Statement of responsibility, etc |
Rashid Khalidi. |
| 264 #1 - PUBLICATION, DISTRIBUTION, ETC. (IMPRINT) |
| Place of publication, distribution, etc |
Boston : |
| Name of publisher, distributor, etc |
Beacon Press, |
| Date of publication, distribution, etc |
[2007] |
| 264 #4 - PUBLICATION, DISTRIBUTION, ETC. (IMPRINT) |
| Date of publication, distribution, etc |
c2007 |
| 300 ## - PHYSICAL DESCRIPTION |
| Extent |
xlii, 281 pages : |
| Other physical details |
maps ; |
| Dimensions |
23 cm |
| 336 ## - CONTENT TYPE |
| Source |
rdacontent |
| Content type term |
text |
| Content type code |
txt |
| 337 ## - MEDIA TYPE |
| Media type term |
unmediated |
| Source |
rdamedia |
| Media type code |
n |
| 338 ## - CARRIER TYPE |
| Carrier type term |
volume |
| Carrier type code |
nc |
| Source |
rdacarrier |
| 504 ## - BIBLIOGRAPHY, ETC. NOTE |
| Bibliography, etc |
Includes bibliographical references and index. |
| 505 00 - FORMATTED CONTENTS NOTE |
| Title |
Introduction: Writing Middle Eastern history in a time of historical amnesia -- |
| Miscellaneous information |
1. |
| Title |
Arab society in Mandatory Palestine -- |
| Miscellaneous information |
2. |
| Title |
The Palestinians and the British mandate -- |
| Miscellaneous information |
3. |
| Title |
A failure of leadership -- |
| Miscellaneous information |
4. |
| Title |
The revolt, 1948 and afterward -- |
| Miscellaneous information |
5. |
| Title |
Fateh, the PLO, and the PA: the Palestinian para-state -- |
| Miscellaneous information |
6. |
| Title |
Stateless in Palestine -- |
| -- |
Notes -- |
| -- |
Acknowledgments -- |
| -- |
Index. |
| 610 27 - SUBJECT ADDED ENTRY--CORPORATE NAME |
| Corporate name or jurisdiction name as entry element |
Fatḥ (Organization) |
| Source of heading or term |
BUEsh |
| 650 #7 - SUBJECT ADDED ENTRY--TOPICAL TERM |
| Topical term or geographic name as entry element |
Palestinian Arabs |
| General subdivision |
Politics and government |
| Chronological subdivision |
20th century. |
| Source of heading or term |
BUEsh |
| 650 #7 - SUBJECT ADDED ENTRY--TOPICAL TERM |
| Topical term or geographic name as entry element |
National liberation movements |
| Geographic subdivision |
Palestine. |
| Source of heading or term |
BUEsh |
| 650 #7 - SUBJECT ADDED ENTRY--TOPICAL TERM |
| Topical term or geographic name as entry element |
Arab-Israeli conflict. |
| Source of heading or term |
BUEsh |
| 651 #7 - SUBJECT ADDED ENTRY--GEOGRAPHIC NAME |
| Geographic name |
Palestinian National Authority. |
| Source of heading or term |
BUEsh |
| 655 ## - INDEX TERM--GENRE/FORM |
| Form subdivision |
Reading book |
| 856 41 - ELECTRONIC LOCATION AND ACCESS |
| Materials specified |
Table of contents only |
| Uniform Resource Identifier |
<a href="http://www.loc.gov/catdir/toc/ecip0614/2006016614.html">http://www.loc.gov/catdir/toc/ecip0614/2006016614.html</a> |
| 856 41 - ELECTRONIC LOCATION AND ACCESS |
| Materials specified |
Publisher description |
| Uniform Resource Identifier |
<a href="http://www.loc.gov/catdir/enhancements/fy0645/2006016614-d.html">http://www.loc.gov/catdir/enhancements/fy0645/2006016614-d.html</a> |
| 942 ## - ADDED ENTRY ELEMENTS (KOHA) |
| Koha item type |
Book - Borrowing |
| Source of classification or shelving scheme |
Dewey Decimal Classification |